| 000 | 00601nam a22001697a 4500 | ||
|---|---|---|---|
| 003 | OSt | ||
| 005 | 20171010095514.0 | ||
| 008 | 120814t xxu||||| |||| 00| 0 eng d | ||
| 040 |
_aMMSU _cULS |
||
| 100 |
_aNicolas, Francisca S. _912144 |
||
| 245 |
_aMga kamalayang panlipunan sa mga piling nobelang isinakomiks sa Liwayway sa taong 1992-1998 _cFrancisca S. Nicolas |
||
| 260 | _c1999 | ||
| 300 |
_axvii, 216 leaves _c28 cm. |
||
| 500 | _aThesis (MA Education-Filipino) -- Mariano Marcos State University-Graduate School, Laoag City | ||
| 504 | _aBibliography: leaves 212-216 | ||
| 942 |
_2ddc _cTHEDIS |
||
| 999 |
_c9720 _d9720 |
||